| 000 | 01726nam0a2200301 4500 | ||
|---|---|---|---|
| 001 | RU\NLR\bibl\1011943 | ||
| 005 | 20260405053259.0 | ||
| 021 |
_aRU _b2006-63242 _93151 |
||
| 035 | _a(NLR Aleph) 000999571 | ||
| 090 |
_a570038 _c570038 |
||
| 100 | _a20061122d2006 |||y0rusy50 ca | ||
| 101 | 0 | _arus | |
| 102 | _aRU | ||
| 105 | _ay ||||||||| | ||
| 200 | 1 |
_aЭкономические информационные системы на базе пакета программ "1С: Предприятие 7.7" _eучебное пособие для студентов высших учебных заведений, обучающихся по специальности 230201 (071900) "Информационные системы и технологии" направления подготовки 230200 "Информационные системы" _fА. Е. Хохлов _gФедер. агентство по образованию, Гос. образоват. учреждение высш. проф. образования "Пенз. гос. ун-т" |
|
| 210 |
_aПенза _cПГУ _d2006 |
||
| 215 |
_a120 с. _d20 |
||
| 320 | _aБиблиогр.: с. 119 (14 назв.) | ||
| 606 | 1 |
_a"1С: Предприятие", автоматизированная система _jУчебные издания для высших учебных заведений _92237977 _3RU\NLR\auth\661343018 |
|
| 686 | _aУ052.9(2)2-211.853я73 | ||
| 686 | _aУ29(2)в612я73 | ||
| 700 | 1 |
_4070 _8rus _7ca _aХохлов _bА. Е. _gАлександр Евгеньевич _3RU\NLR\auth\7717157 _9247 |
|
| 801 | 0 |
_aRU _bNLR _c20050520 _grcr |
|
| 801 | 1 |
_aRU _bNLR _c20050520 |
|
| 942 | _cBOOK | ||
| 980 | _aNB | ||